000 00517nam a2200133Ia 4500
003 GCL
008 140319s9999 xx 000 0 ara d
040 _aGCL /
_cGCL
082 0 4 _a251.13
_bم ا
245 1 0 _aالاجماع يتضمن المسائل الفقهية المتفق عليها عند اكثر علماء المسلمين
260 _a[S.N] :
_bرئاسة المحاكم الشرعية والشئون الدينية ،
_c1987
300 _a158 ص
490 _aمن ذخائر التراث الاسلامى
_v0
999 _c35550
_d35550